A história da aranha Leopoldina (Registo nº 9706)

Detalhes MARC
000 -Etiqueta do registo
Valores 00610nam a22002291i 4500
010 ## - Número ISBN
ISBN 9789726103189
090 ## -
-- 9706
100 ## - Dados gerais de processamento
Dados gerais 20170304u u u0frey50 ba
101 0# - Língua de publicação
-- por
200 1# - Titulo e menção de responsabilidade
Primeira menção de responsabilidade Ana Luísa Amaral
Título próprio A história da aranha Leopoldina
210 ## - Publicação
Nome do editor Campo das Letras
Local de publicação Porto
Data de publicação 2000
215 ## - Descrição física 
Paginação / Volumes 22 p.
Outras indicações físicas il.
Dimensões 15 cm
225 2# - Colecção 
Título próprio da colecção Palmo e meio
Indicação de volume 10
606 ## - Nome comum usado como assunto
ID Autoridade 185
Palavra de ordem Literatura infantil
606 ## - Nome comum usado como assunto
ID Autoridade 187
Palavra de ordem Histórias para crianças
675 ## - CDU
Notação 8:087.5
700 #1 - Autor principal (pessoa individual)
Apelido Amaral
Nome Ana Luísa
-- 070
701 #1 - Co-autor principal (pessoa individual)
Apelido Elsa
Nome Navarro
-- 440
Datas 1971-
801 ## - Fonte de origem
País PT
Regras de catalogação RPC
990 ## - Elementos KOHA
Tipo de documento Livro
994 ## - Estado da catalogação
-- COMP
Exemplares
Situação do levantamento Estado Biblioteca de origem Biblioteca de empréstimo Código de barras Cota Permissão de empréstimo Tipo de documento Nota relativa ao exemplar Forma de aquisição
  Completo Biblioteca Municipal de Viana Do Alentejo Biblioteca Municipal de Viana Do Alentejo Pólo Alcáçovas 0013816 8 AMA Disponível Livro 6-10 anos  




Powered by Koha